| 000 -LEADER |
| fixed length control field |
00516cam a22001457a 4500 |
| 008 - FIXED-LENGTH DATA ELEMENTS--GENERAL INFORMATION |
| fixed length control field |
180718b1987 xxu||||| |||| 00| 0 eng d |
| 082 ## - DEWEY DECIMAL CLASSIFICATION NUMBER |
| Classification number |
K11mx5413 SI64 |
| 100 ## - MAIN ENTRY--PERSONAL NAME |
| Personal name |
Sinha, Ramashraya |
| 245 ## - TITLE STATEMENT |
| Title |
Municipal executive: an empirical of a city government and bureaucracy |
| Statement of responsibility, etc. |
by Ramashraya Sinha |
| 260 ## - PUBLICATION, DISTRIBUTION, ETC. |
| Place of publication, distribution, etc. |
Delhi |
| Name of publisher, distributor, etc. |
Capital Publishers |
| Date of publication, distribution, etc. |
1987 |
| 300 ## - PHYSICAL DESCRIPTION |
| Extent |
vi, 192p |
| 650 ## - SUBJECT ADDED ENTRY--TOPICAL TERM |
| Topical term or geographic name entry element |
Municipal government -Case studies. |
| 650 ## - SUBJECT ADDED ENTRY--TOPICAL TERM |
| Topical term or geographic name entry element |
Municipal government -India -Patna -Case studies |
| 650 ## - SUBJECT ADDED ENTRY--TOPICAL TERM |
| Topical term or geographic name entry element |
Patna Municipal Corporation |